000 00732nas a2200229 4500
001 BR8107476
003 BR-BrBNA
005 20231205084910.0
007 ta
008 230509b bl.|||p| |||| 00| 00por d
040 _aBR-BrBNA
_bpor
_cBiblioteca Nacional de Agricultura
041 _a(Pt)
072 _aF00
110 1 _aSecretaria da Agricultura, Porto Alegre, RS (Brasil)
_98480
245 1 _aSistema de producao para colza oleaginosa [Brassica napus, Rio Grande do Sul, Brasil]
650 _aCOLZA
650 _aSISTEMA DE PRODUCAO
650 _aRIO GRANDE DO SUL
773 0 _tLavoura Pecuaria (Brazil)
_x
_g(Mar 1981), v. 4(15) p. 20-26
_wBR8107476
909 _a202311
_bLúcia
_c55
_dLúcia Elande
942 _2AGRIS
_n0
_cANA
999 _c107989
_d107989